000 00348nam a2200145Ia 4500
008 181130s2018 xx 000 0 und d
100 _aJeyanthi, P. Mary
245 _aThinking inside the box
260 _c2018
300 _ap.67-69.
504 _dJun
650 _aDecision making
773 _aIndian Management
906 _aDecision making
999 _c506744
_d506744